000 00726nam a2200181 a 4500
001 BRCA_2354
005 20190320203754.0
008 231008s1990----mx-a---###---#000-0#spa-#
020 _a9686534008
050 4 _aNK5114
_b.F47 1990
100 1 _aFernández, Miguel Ángel
_97057
245 1 0 _aEl vidrio en México
_cMiguel Ángel Fernández.
260 _aMéxico
_bCentro de Arte Vitro
_c1990
300 _a279 p.
_bil. (algunas a color)
_c35 cm.
_eFolleto de la exposición temporal realizada en el Museo Nacional de Historia, Castillo de Chapultepec (Ciudad de México), diciembre 1989 - febrero 1990. 12 p. ; 28 cm.
504 _aBibliografía: p. 267-279
650 1 4 _aCristalería
_xHistoria
_zMéxico
_97058
942 _2lcc
_cB
999 _c2095
_d2095